NPB読売ジャイアンツ 支配下登録選手 - Statistics

General Stats
  • This quiz has been taken 316 times
  • The average score is 38 of 72
Answer Stats
登録日 ポジション 背番号 Answer % Correct
1月29日 内野手 25 岡本 和真
93%
1月29日 内野手 6 坂本 勇人
91%
1月29日 捕 手 24 大城 卓三
90%
1月29日 投 手 18 菅野 智之
89%
1月29日 投 手 20 戸郷 翔征
89%
1月29日 投 手 15 大勢
87%
1月29日 内野手 2 吉川 尚輝
87%
1月29日 外野手 8 丸 佳浩
86%
1月29日 捕 手 27 岸田 行倫
85%
1月29日 捕 手 22 小林 誠司
83%
1月29日 内野手 5 門脇 誠
78%
1月29日 外野手 7 長野 久義
71%
1月29日 投 手 63 泉 圭輔
70%
1月29日 内野手 0 増田 大輝
70%
1月29日 内野手 61 増田 陸
70%
1月29日 投 手 19 山﨑 伊織
68%
1月29日 投 手 28 高橋 礼
68%
5月13日 外野手 42 E.ヘルナンデス
68%
1月29日 内野手 55 秋広 優人
67%
1月29日 投 手 29 F.グリフィン
65%
1月29日 投 手 49 A.バルドナード
65%
1月29日 投 手 53 高梨 雄平
64%
1月29日 投 手 97 井上 温大
64%
1月29日 内野手 37 若林 晃弘
64%
6月25日 外野手 59 若林 楽人
64%
1月29日 投 手 33 K.ケラー
63%
1月29日 外野手 50 オコエ 瑠偉
63%
1月29日 投 手 48 田中 千晴
61%
1月29日 外野手 44 佐々木 俊輔
61%
1月29日 外野手 51 浅野 翔吾
61%
1月29日 内野手 35 泉口 友汰
60%
1月29日 捕 手 67 山瀬 慎之助
59%
1月29日 内野手 40 中山 礼都
57%
1月29日 投 手 41 中川 皓太
54%
1月29日 外野手 13 梶谷 隆幸
53%
1月29日 投 手 17 西舘 勇陽
52%
1月29日 外野手 43 重信 慎之介
51%
1月29日 投 手 31 赤星 優志
50%
1月29日 投 手 58 船迫 大雅
50%
1月29日 外野手 12 萩尾 匡也
50%
1月29日 内野手 00 湯浅 大
46%
7月11日 内野手 39 C.モンテス
46%
1月29日 投 手 26 今村 信貴
45%
1月29日 外野手 59 松原 聖弥
44%
3月11日 捕 手 37 郡 拓也
44%
12月15日 投 手 36 馬場 皐輔
43%
1月29日 投 手 66 平内 龍太
41%
2月9日 外野手 23 R.オドーア
41%
1月29日 投 手 64 大江 竜聖
39%
1月29日 投 手 32 鈴木 康平
38%
1月29日 外野手 38 岡田 悠希
38%
1月29日 投 手 62 横川 凱
37%
1月29日 投 手 91 堀田 賢慎
37%
1月29日 捕 手 94 喜多 隆介
36%
1月29日 投 手 45 畠 世周
35%
5月21日 外野手 23 立岡 宗一郎
33%
1月29日 投 手 30 近藤 大亮
31%
1月29日 投 手 47 森田 駿哉
29%
3月6日 投 手 99 京本 眞
29%
3月6日 内野手 95 中田 歩夢
29%
7月24日 投 手 52 伊藤 優輔
29%
1月29日 投 手 57 髙橋 優貴
28%
1月29日 内野手 60 菊田 拡和
27%
1月29日 投 手 65 Y.メンデス
26%
1月29日 投 手 96 菊地 大稀
26%
1月29日 投 手 46 又木 鉄平
23%
1月29日 投 手 54 直江 大輔
23%
1月29日 投 手 90 山田 龍聖
23%
4月19日 内野手 98 E.ウレーニャ
20%
1月29日 投 手 56 石田 隼都
18%
1月29日 投 手 93 松井 颯
18%
1月29日 投 手 68 代木 大和
14%
No matching quizzes found
Score Distribution
Percent of People with Each Score
Percentile by Number Answered
Your Score History
You have not taken this quiz